<?xml version="1.0" encoding="UTF-8"?>
<marc:record xmlns:marc="http://www.loc.gov/MARC21/slim">
   <marc:leader>00000nam a2200000 a 4500</marc:leader>
   <marc:datafield ind1="1" ind2=" " tag="100">
      <marc:subfield code="a">Iles, Greg (Verfasser)</marc:subfield>
      <marc:subfield code="4">aut</marc:subfield>
      <marc:subfield code="e">Verfasser/-in</marc:subfield>
   </marc:datafield>
   <marc:datafield ind1=" " ind2=" " tag="653">
      <marc:subfield code="a">Thriller</marc:subfield>
   </marc:datafield>
   <marc:datafield ind1=" " ind2=" " tag="653">
      <marc:subfield code="a">Südstaaten</marc:subfield>
   </marc:datafield>
   <marc:datafield ind1=" " ind2=" " tag="653">
      <marc:subfield code="a">Geheimbund</marc:subfield>
   </marc:datafield>
   <marc:datafield ind1=" " ind2=" " tag="653">
      <marc:subfield code="a">Apartheid</marc:subfield>
   </marc:datafield>
   <marc:datafield ind1="0" ind2="0" tag="245">
      <marc:subfield code="a">Die Toten von Natchez</marc:subfield>
   </marc:datafield>
   <marc:datafield ind1="0" ind2="0" tag="245">
      <marc:subfield code="b">Thriller</marc:subfield>
   </marc:datafield>
   <marc:datafield ind1=" " ind2="1" tag="264">
      <marc:subfield code="b">Rütten &amp; Loening</marc:subfield>
      <marc:subfield code="c">2016</marc:subfield>
   </marc:datafield>
   <marc:datafield ind1="1" ind2=" " tag="490">
      <marc:subfield code="a">Penn Cage</marc:subfield>
   </marc:datafield>
   <marc:datafield ind1="1" ind2=" " tag="520">
      <marc:subfield code="a">Klappentext: Penn Cage, der Bürgermeister von Natchez, und seine Verlobte, die Chefredakteurin Caitlin Masters, sind einem Anschlag entkommen, hinter dem die Doppeladler stecken, eine rassistische Organisation, die seit den sechziger Jahren ihr Unwesen treibt. Aber die Gefahr ist keineswegs beseitigt. Forrest Knox, ausgerechnet der Chef der State Police, ist der wahre Kopf der Doppeladler. Er will verhindern, dass Penn Beweise vorbringt, welche Morde die Doppeladler begangen haben. Doch Penn hat eine Spur, um die Toten zu finden. Sie führt in die Sümpfe des Mississippi River.   Biografie Greg Iles wurde in Deutschland geboren, da sein Vater damals die medizinische Abteilung der Amerikanischen Botschaft leitete. Er verbrachte seine Jugend in Natchez, Mississippi. 1983 beendete er sein Studium an der University of Mississippi. Danach trat Greg Iles zunächst als Profi-Musiker auf, bevor er sich der Schriftstellerei widmete. Seine Bücher erscheinen inzwischen in 25 Ländern. Der überaus produktive Autor pflegt außerdem eine Leidenschaft für Filme. Zu seinem Roman "24 Stunden" schrieb er selbst das Drehbuch.Der Autor lebt mit Frau und zwei Kindern in Natchez, Mississippi.</marc:subfield>
   </marc:datafield>
   <marc:datafield ind1=" " ind2=" " tag="020">
      <marc:subfield code="a">9783352006654</marc:subfield>
      <marc:subfield code="9">9783352006654</marc:subfield>
   </marc:datafield>
   <marc:datafield ind1="3" ind2=" " tag="024">
      <marc:subfield code="a">9783352006654</marc:subfield>
   </marc:datafield>
</marc:record>
